| 000 | 00930nam a2200277Ia 4500 | ||
|---|---|---|---|
| 001 | 11359 | ||
| 003 | GE_BSU | ||
| 008 | 181216s||||||||xx |||||||||||||| ||und|| | ||
| 020 | _a9785902357964 | ||
| 040 | _cGE_BSU | ||
| 080 | _a159.9.07 | ||
| 100 | _aКочюнас,Р. | ||
| 245 | _aПсихологическое консультирование груповая психотерапия. | ||
| 245 | _bУчебное пособие для вузов. | ||
| 250 | _a7е изд. | ||
| 260 | _aМосква. | ||
| 260 | _bАкадемический Проект; Фонд Мир. | ||
| 260 | _c2010. | ||
| 300 | _a463стр;21см. | ||
| 300 | _eБиблиогр стр:453-462 | ||
| 541 | _h27л. | ||
| 653 | _aПсихологическое консультирование груповая психотерапия. | ||
| 653 | _aПсихология | ||
| 653 | _aფსიქოლოგია | ||
| 942 | _cBK | ||
| 999 |
_c44556 _d44556 |
||